00358pab a2200133 454500008004000000100001400040245006000054260000900114300001300123362000800136650002100144650001600165773004300181180718b1999 xxu||||| |||| 00| 0 eng d aBal, A.S. aWastewater management for textile industry: an overview c1999 ap.264-90 aOct aTextile industry aWaste water aIndian Journal of Environmental Health